01727nam a22003377i 4500003000900000005001700009008004100026040004600067041000800113082003000121092000700151099003800158100004800196245011400244264009000358300008000448336002200528337002400550338003300574504006000607546004100667650004600708651001000754856005700764905001300821942001900834999001700853952017300870952017301043952017301216EG-GICUC20260121101531.0251222s1999    ua ||||fr|||| 00| 0 ara d  a EG-GICUCbarac EG-GICUCd EG-GICUCerda  aara04221a345.451bأ ن . ت04221  aLaw1 07 345.451 أ ن . ت	19990 aأنور احمد رسلانeمؤلف.12aالتحقيق الاداري والمسئولية التأديبية / cأنور احمد رسلان. 1aالقاهرة : bمطبعة كلية الحقوق جامعة القاهرة,c1999.  a211 ؛ صفحةc24 سم.bإيضاحيات، صور، مثيليات ؛   2rda contentatext  2rda mediaaComputer  2rda carrieraOnline Resource  aيحتوي على ارجاعات ببليوجرافية  aالنص باللغة العربية1 aالسلطات التاديبية 2qrmak1 2qrmak40uhttps://fll.law.cu.edu.eg/fulltext/bks/B07-01800.pdf  a75eYara  2ddccBKe21n0  c52113d52113  00102ddc40718القانون الإداريaCUbLAW1d2025-12-22l0oLaw1 07 345.451 ا ن . ت	1999 0701800	C1pB07-01800r2025-12-22 10:36:30t1w2025-12-22yBK  00102ddc40708القانون الإداريaCUbLAW1d2025-12-22l0oLaw1 07 345.451 ا ن . ت	1999 0701776	C2pB07-01776r2025-12-22 11:32:38t2w2025-12-22yBK  00102ddc40708القانون الإداريaCUbLAW1d2025-12-24l0oLaw1 07 345.451 ا ن . ت	1999 0701772	C2pB07-01772r2025-12-24 10:58:53t2w2025-12-24yBK